LEADER 01000nam--2200349---450- 001 990003335140203316 005 20091016104411.0 010 $a978-88-430-4916-5 035 $a000333514 035 $aUSA01000333514 035 $a(ALEPH)000333514USA01 035 $a000333514 100 $a20091016h2009----km-y0itay50------ba 101 $aita 102 $aIT 105 $aa---||||001yy 200 1 $aChe cos'è la robotica autonoma$fStefano Nolfi 210 $aRoma$cCarocci$d2009 215 $a127 p.$cill.$d20 cm 225 2 $a<> bussole$iFilosofia e scienze$v355 410 0$12001$a<> bussole$iFilosofia e scienze$v355 606 0 $aAutomi$2BNCF 676 $a629.892 700 1$aNOLFI,$bStefano$065744 801 0$aIT$bsalbc$gISBD 912 $a990003335140203316 951 $a629.892 NOL$b217244 L.M.$c629$d00229047 959 $aBK 969 $aTEC 979 $aPAOLA$b90$c20091016$lUSA01$h1044 996 $aChe cos'è la robotica autonoma$91120751 997 $aUNISA